ا ر د و غز ل ميں پيکر تر ا شی (آ ز ا د ی کے بعد) (Record no. 166034)

MARC details
000 -LEADER
fixed length control field 00801nam a22002297a 4500
005 - DATE AND TIME OF LATEST TRANSACTION
control field 20190711111832.0
010 ## - LCCN (DPL NO)
LC control number B-29450
020 ## - INTERNATIONAL STANDARD BOOK NUMBER
International Standard Book Number -
Terms of availability 350.00
035 ## - SYSTEM CONTROL NUMBER
System control number B-29450
037 ## - SOURCE OF ACQUISITION
Source of stock number/acquisition BPPD/Ven.
Stock number dpl
082 ## - DEWEY DECIMAL CLASSIFICATION NUMBER
Classification number 841.08
100 ## - MAIN ENTRY--PERSONAL NAME
Personal name شہپر ر سو ل
245 ## - TITLE STATEMENT
Title ا ر د و غز ل ميں پيکر تر ا شی (آ ز ا د ی کے بعد)
Statement of responsibility, etc شہپر ر سو ل
Medium Urdu
246 ## - VARYING FORM OF TITLE
Title proper/short title Urdu Ghazal mein Paikar Tarashi (Urdu)
Remainder of title by Shhpar Rasool
260 ## - PUBLICATION, DISTRIBUTION, ETC. (IMPRINT)
Place of publication, distribution, etc N.Delhi 110025
Name of publisher, distributor, etc Maktaba Jamia Ltd.
Date of publication, distribution, etc 1999
270 ## - ADDRESS
Address Urdu Deptt.Jamia Millia Islamia Jamia Ngr.
300 ## - PHYSICAL DESCRIPTION
Extent 524ص
Dimensions 22cm(Hb)
490 ## - SERIES STATEMENT
Series statement Jaico illustrated classics series
942 ## - ADDED ENTRY ELEMENTS (KOHA)
Source of classification or shelving scheme Dewey Decimal Classification
Item type Urdu Bks
Call number suffix دج ی
Classification part 841.08
Holdings
Withdrawn status Lost status Not for loan Collection code Home library Current library Date acquired Source of acquisition Cost, normal purchase price Full call number Barcode Copy number Cost, replacement price Koha item type
    Ordered Non-fiction Central Library Central Library 11/07/2019 BPPD/Ven. 350.00 841.08 دج ی B-29450 1 350.00 Urdu Bks

© Delhi Public Library
Hit Counter
free hit counter